000 00665nam a2200217Ia 4500
003 GCL
008 140319s9999 xx 000 0 ara d
020 _a7016111977
040 _aGCL /
_cGCL
082 0 4 _a812.043
_bع س
100 1 _aعلى احمد باكثير
245 1 0 _aسيرة شجاع /
_cعلى احمد باكثير
260 _aالقاهرة :
_bمكتبة مصر ،
_c1985
300 _a339 ص ؛
_c20 سم
490 _aمطبوعات مكتبة مصر
_v0
650 0 4 _aالادب العربى
650 0 4 _aالقصص العربية
650 0 4 _aقصص البطولات
650 0 4 _aالقصص التاريخية
942 _2ddc
_cBK
999 _c33932
_d33932